| 000 | 01082nas a2200361 4500 | ||
|---|---|---|---|
| 001 | BR0302290 | ||
| 003 | BR-BrBNA | ||
| 005 | 20231205103750.0 | ||
| 007 | ta | ||
| 008 | 230509b bl.|||p| |||| 00| 00por d | ||
| 040 |
_aBR-BrBNA _bpor _cBiblioteca Nacional de Agricultura |
||
| 041 | _a(Pt) | ||
| 072 | _aP33; P34 | ||
| 100 | 1 | _aGhini, R. | |
| 100 | 1 | _aPatrício, F.R.A. | |
| 100 | 1 | _aSouza, M.D. | |
| 100 | 1 | _aSinigaglia, M.D. | |
| 100 | 1 | _aBarros, B.C. | |
| 100 | 1 | _aLopes, M.E.B.M. | |
| 100 | 1 | _aTessarioli Neto, J. | |
| 100 | 1 | _aCantarella, H. | |
| 245 | 1 | _aEfeito da solarização sobre propriedades físicas, químicas e biológicas de solos | |
| 650 | _aSOLO | ||
| 650 | _aRADIAÇÃO SOLAR | ||
| 650 | _aPATÓGENO | ||
| 650 | _aMICROBIOLOGIA DO SOLO | ||
| 650 | _aPROPRIEDADE FÍSICO-QUÍMICA | ||
| 650 | _aANÁLISE BIOLÓGICA | ||
| 650 | _aMÉTODO | ||
| 773 | 0 |
_tRevista Brasileira de Ciência do Solo (Brazil) _xISSN 0100-0683 _g(Jan-Feb 2003), v. 27(1) p. 71-79 _wBR0302290 |
|
| 909 |
_a202311 _bLúcia _c55 _dLúcia Elande |
||
| 942 |
_2AGRIS _n0 _cANA |
||
| 999 |
_c174607 _d174607 |
||